Gazdasági fejlődés, munkaerőpiac és mobilitás Szlovákiában a globális pénzügyi és gazdasági válság közepette

Rast slovenskej ekonomiky v období rokov 2000-2009. Vývoj priemernej mzdy za 2. kvartál (medziročne) v rokoch 2005-2009. Uchádzači o zamestnanie v zahraničí.

Guardado en:
Detalles Bibliográficos
Autor principal: Rievajová, Eva
Otros Autores: Husáková, Mária
Formato: Capítulo de libro
Lenguaje:húngaro
Materias:
Etiquetas: Agregar Etiqueta
Sin Etiquetas, Sea el primero en etiquetar este registro!

MARC

LEADER 00000naa$a2200000$$$4500
001 0114648
005 20240502083304.1
041 0 |a hun 
044 |a HU 
245 1 0 |a Gazdasági fejlődés, munkaerőpiac és mobilitás Szlovákiában a globális pénzügyi és gazdasági válság közepette  |c Eva Rievajová, Mária Husáková 
520 |a Rast slovenskej ekonomiky v období rokov 2000-2009. Vývoj priemernej mzdy za 2. kvartál (medziročne) v rokoch 2005-2009. Uchádzači o zamestnanie v zahraničí. 
610 2 0 |a trh práce 
610 2 0 |a zamestnanosť 
610 2 0 |a zamestnanci 
610 2 0 |a pohyb síl pracovných medzinárodný 
610 2 0 |a vzdelanie 
610 2 0 |a rast hospodársky 
610 2 0 |a kríza finančná 
610 2 0 |a kríza hospodárska 
610 2 0 |a Slovensko 
100 1 |a Rievajová, Eva 
700 1 |a Husáková, Mária